LIBRARY & INFORMATION CENTRE, KCAET, TAVANUR

ONLINE PUBLIC ACCESS CATALOGUE (OPAC)

Soils: An introduction to soils and plant growth / (Record no. 4826)

MARC details
000 -LEADER
fixed length control field 00478cam a2200181ua 4500
003 - CONTROL NUMBER IDENTIFIER
control field OSt
008 - FIXED-LENGTH DATA ELEMENTS--GENERAL INFORMATION
fixed length control field 240222b |||||||| |||| 00| 0 eng d
020 ## - INTERNATIONAL STANDARD BOOK NUMBER
ISBN 0 13 620226 5
041 ## - LANGUAGE CODE
Language code of text/sound track or separate title eng
082 ## - DEWEY DECIMAL CLASSIFICATION NUMBER
Classification number 631.458
Item number MIL/SO
100 ## - MAIN ENTRY--AUTHOR NAME
Personal name Miller, Raymond W .
245 ## - TITLE STATEMENT
Title Soils: An introduction to soils and plant growth /
250 ## - EDITION STATEMENT
Edition statement 6 /
260 ## - PUBLICATION, DISTRIBUTION, ETC. (IMPRINT)
Place of publication New Jersey :
Name of publisher Prentice Hall Inc ,
Year of publication 1961.
300 ## - PHYSICAL DESCRIPTION
Number of Pages 768 ; .
700 1# - ADDED ENTRY--PERSONAL NAME
Personal name Donahue, Roy L .
942 ## - ADDED ENTRY ELEMENTS (KOHA)
Koha item type Books
Holdings
Withdrawn status Lost status Damaged status Home library Current library Date acquired Cost, normal purchase price Full call number Accession Number Koha item type
      KAUAET KAUAET 24/11/2021 2972.00 631.458 MIL/SO 19667 Books
free website counter